1999 1079 1754 1445 1118 1712 1110 1379 1200 1950 1459 1888 1485 1440 1584 1983 1942 1817 1507 1590 1396 1958 1456 1647 1126 1576 1739 1330 1283 2000 1566 1450 1044 1202 1529 1176 1094 1431 1471 1208 1674 1183 1248 1637 1284 1398 1620 1358 1115 1216 1353 1569 1527 1998 1077 1596 1990 1165 1293 1769 1439 1428 1015 1723 1347 1776 1330 1147 1344 1855 1351 1173 1231 1579 1140 1102 1515 1637 1317 1663 1297 1363 1782 1485 1656 1548 1792 1347 1060 1547 1273 1781 1179 1319 1777 1160 1420 1703 1034 BCNSPRNW ULIB Ver.6.0+V

เปลี่ยนเป็นภาษาไทย

Change to English
 แสดงรายละเอียดบรรณานุกรม
  กลับหน้าหลัก

Brief Record : Get Marc (ISO 2709) : E-mail record : QR code < ปิดหน้าต่าง
LEADER : 00000nam 2200000uu 4500
001    13399123431
003     ULIB
008    110607s2557||||th 000 0 tha d
020    9786165273916
060 04 QT104^bอ313ร
100 0  อรกัญญ์ ภูมิโคกรักษ์
245 10 ระบบร่างกายมนุษย์ =^bHuman body /^cโดย อรกัญญ์ ภูมิโครักษ์; [เรียบเรียงเนื้อหา ทักษิณา กล่อมเกลี้ยง, ปรียนันท์ วงศ์ใหญ่
246 31 Human body
260    กรุงเทพฯ :^bเอ็มไอเอส,^c2557
300    105 หน้า :^bภาพประกอบสี ;^c30 ซม.
650  7 กายวิภาคศาสตร์
650  7 สรีรวิทยา
700 0  ทักษิณา กล่อมเกลี้ยง
700 0  ปรียนันท์ วงศ์ใหญ่
945    ^p199^l0^i20590
945    ^p199^l0^i20591
945    ^p199^l0^i20592
945    ^p199^l0^i20593
945    ^p199^l0^i20594
945    ^p199^l0^i21276
945    ^p199^l0^i21277
945    ^p199^l0^i21278
995    ทศพร
999 ^a ใช้งานได้ทุกระบบ
รายการนี้ยังไม่มีแท็ก
คุณยังไม่ได้ล็อกอิน คุณสามารถมีกิจกรรมร่วมกับเว็บไซต์ได้ แต่ต้องล็อกอินก่อน ::
  ล็อกอิน

รายการสื่อสารสนเทศ

ลำดับที่ ประเภท เลขเรียก/บาร์โค้ด สถานที่ สถานะ
1. วิทยาศาสตร์การแพทย์ และสุขภาพ
วิทยาศาสตร์การแพทย์ และสุขภาพ
สถานะ=หนังสือเก่า
QT104 อ313ร ฉ.1 
  Barcode: 20590
ห้องสมุดวิทยาเขตนครสวรรค์
►ส่วนจัดเก็บหนังสือเก่า นว.
บนชั้น
  ขอยืม
2. วิทยาศาสตร์การแพทย์ และสุขภาพ
วิทยาศาสตร์การแพทย์ และสุขภาพ
สถานะ=หนังสือเก่า
QT104 อ313ร ฉ.2 
  Barcode: 20591
ห้องสมุดวิทยาเขตนครสวรรค์
►ส่วนจัดเก็บหนังสือเก่า นว.
บนชั้น
  ขอยืม
3. วิทยาศาสตร์การแพทย์ และสุขภาพ
วิทยาศาสตร์การแพทย์ และสุขภาพ
สถานะ=หนังสือเก่า
QT104 อ313ร ฉ.3 
  Barcode: 20592
ห้องสมุดวิทยาเขตนครสวรรค์
►ส่วนจัดเก็บหนังสือเก่า นว.
บนชั้น
  ขอยืม
4. วิทยาศาสตร์การแพทย์ และสุขภาพ
วิทยาศาสตร์การแพทย์ และสุขภาพ
สถานะ=หนังสือเก่า
QT104 อ313ร ฉ.4 
  Barcode: 20593
ห้องสมุดวิทยาเขตนครสวรรค์
►ส่วนจัดเก็บหนังสือเก่า นว.
บนชั้น
  ขอยืม
5. วิทยาศาสตร์การแพทย์ และสุขภาพ
วิทยาศาสตร์การแพทย์ และสุขภาพ
สถานะ=หนังสือเก่า
QT104 อ313ร ฉ.5 
  Barcode: 20594
ห้องสมุดวิทยาเขตนครสวรรค์
►ส่วนจัดเก็บหนังสือเก่า นว.
บนชั้น
  ขอยืม
6. วิทยาศาสตร์การแพทย์ และสุขภาพ
วิทยาศาสตร์การแพทย์ และสุขภาพ
สถานะ=หนังสือเก่า
QT104 อ313ร ฉ.6 
  Barcode: 21276
ห้องสมุดวิทยาเขตนครสวรรค์
►ส่วนจัดเก็บหนังสือเก่า นว.
บนชั้น
  ขอยืม
7. วิทยาศาสตร์การแพทย์ และสุขภาพ
วิทยาศาสตร์การแพทย์ และสุขภาพ
สถานะ=หนังสือเก่า
QT104 อ313ร ฉ.7 
  Barcode: 21277
ห้องสมุดวิทยาเขตนครสวรรค์
►ส่วนจัดเก็บหนังสือเก่า นว.
บนชั้น
  ขอยืม
8. วิทยาศาสตร์การแพทย์ และสุขภาพ
วิทยาศาสตร์การแพทย์ และสุขภาพ
สถานะ=หนังสือเก่า
QT104 อ313ร ฉ.8 
  Barcode: 21278
ห้องสมุดวิทยาเขตนครสวรรค์
►ส่วนจัดเก็บหนังสือเก่า นว.
บนชั้น
  ขอยืม

รายการใกล้เคียง
    ผู้แต่ง [อรกัญญ์ ภูมิโคกรักษ์]

    หัวเรื่อง [กายวิภาคศาสตร์]
    หัวเรื่อง [สรีรวิทยา]

BibComment


ยังไม่เคยถูกคอมเมนท์

คอมเมนท์ทรัพยากรรายการนี้
  คอมเมนท์: ระบบร่างกายมนุษย์..


 Copyright 2026. Bcnsprnw @Library